00510nam a2200157Ia 4500008004100000020000700041082001400048100001400062245011200076250000800188260003400196300003200230500001900262600002100281650005000302240925s9999 xx 000 0 und d aNA a005.3 MIC aMicrosoft 0aMicrosoft Education and Certification Supporting Microsoft Windows NT 4.0 Core Technology: student workbook a1st aCalifornia:bAutodeskc,1996. axi,520,157p.bNAfPhotocopy aIncludes Index aComputer Science aComputer science, information & general works